[Event "37th Zurich Christmas 2013"]
[Site "Zurich SUI"]
[Date "2013.12.27"]
[Round "3.12"]
[White "Gaehwiler, Gabriel"]
[Black "Bauer, Christian"]
[Result "0-1"]
[BlackTitle "GM"]
[WhiteElo "2327"]
[BlackElo "2630"]
[WhiteFideId "1314530"]
[BlackFideId "603767"]
[EventDate "2013.12.26"]

1. d4 f5 2. g3 Nf6 3. Bg2 g6 4. c3 Bg7 5. Qb3 Nc6 6. Bg5 e6 7. Nd2 d5 8. Nh3 O-O
9. Nf4 Qe8 10. Bxf6 Bxf6 11. h4 Nd8 12. f3 c6 13. e4 e5 14. Ne2 Be6 15. Qc2 exd4
16. cxd4 fxe4 17. fxe4 Bg4 18. Bf3 Bxf3 19. Nxf3 Qxe4 20. Qxe4 dxe4 21. Nd2 Ne6
22. Nxe4 Bxd4 23. O-O-O Be3+ 24. Kb1 Rae8 25. h5 Nc5 26. Nd6 Re6 27. hxg6 hxg6
28. Rh4 Rd8 29. Rh8+ Kxh8 30. Nf7+ Kg7 31. Nxd8 Re7 32. Rd6 a5 33. b3 Ne4 34.
Re6 Rxe6 35. Nxe6+ Kf6 0-1

[Event "37th Zurich Christmas 2013"]
[Site "Zurich SUI"]
[Date "2013.12.27"]
[Round "3.25"]
[White "Bagri, Jaspaul"]
[Black "Kaczmarczyk, Dennis"]
[Result "0-1"]
[WhiteElo "2125"]
[BlackElo "2361"]
[WhiteFideId "1307347"]
[BlackFideId "24608297"]
[EventDate "2013.12.26"]

1. c4 g6 2. g3 Bg7 3. Bg2 c5 4. Nc3 Nc6 5. Nf3 e6 6. d3 Nge7 7. Bg5 h6 8. Bd2 b6
9. O-O Bb7 10. a3 d5 11. Rb1 Rc8 12. Qc1 Nd4 13. Nxd4 cxd4 14. Na2 Qd7 15. b3 h5
16. h4 O-O 17. Bh6 e5 18. Bxg7 Kxg7 19. Qd2 dxc4 20. bxc4 Bxg2 21. Kxg2 Rc5 22.
Nb4 Re8 23. Kh2 Qd6 24. Rbc1 a5 25. Nc2 Nf5 26. Rb1 e4 27. dxe4 Rxe4 28. f4 Qe6
29. Rf2 Qxc4 30. Ne1 Qc3 31. Qxc3 dxc3 32. Rc1 Nd4 0-1

[Event "37th Zurich Christmas 2013"]
[Site "Zurich SUI"]
[Date "2013.12.28"]
[Round "4.1"]
[White "Kovalenko, Igor"]
[Black "Bartel, Mateusz"]
[Result "1-0"]
[WhiteTitle "GM"]
[BlackTitle "GM"]
[WhiteElo "2643"]
[BlackElo "2649"]
[WhiteFideId "14117908"]
[BlackFideId "1112635"]
[EventDate "2013.12.26"]

1. d4 f5 2. g3 Nf6 3. Bg2 g6 4. Nf3 Bg7 5. O-O O-O 6. c4 d6 7. Nc3 c6 8. b3 Na6
9. Bb2 Bd7 10. Rc1 Qe8 11. d5 Rd8 12. Nd4 Nc7 13. b4 e5 14. dxc6 bxc6 15. Nb3
Be6 16. Na5 e4 17. Qa4 c5 18. bxc5 dxc5 19. Nb3 Ng4 20. Ba3 Ne5 21. Bxc5 Rf7 22.
Rfd1 Nxc4 23. Qxe8+ Rxe8 24. Nd4 Nb6 25. a4 Na6 26. Nxe6 Rxe6 27. Rd8+ Bf8 28.
Ba3 Kg7 29. Bb2 Kh6 30. Rcd1 g5 31. Bc1 Rc6 32. Nb5 Be7 33. Re8 Nc7 34. Nxc7
Rxc7 35. h4 Kh5 36. a5 Nc4 37. Bxg5 Bxg5 38. hxg5 Kxg5 39. Rd5 Rce7 40. Rg8+ Kf6
41. Rc8 Ne5 42. Rcc5 Re6 43. Bh3 Rb7 44. Rc8 Rf7 45. Rg8 Rc6 46. Kg2 Ke6 47. Rb5
Kf6 48. Rd8 a6 49. Rb6 Rxb6 50. axb6 Rb7 51. Rd6+ Kg5 52. f4+ exf3+ 53. exf3 Nc4
54. f4+ Kh5 55. Rc6 Ne3+ 56. Kf3 Nd5 57. Bxf5 Rxb6 58. Bg4# 1-0

[Event "37th Zurich Christmas 2013"]
[Site "Zurich SUI"]
[Date "2013.12.28"]
[Round "4.2"]
[White "Van Kampen, Robin"]
[Black "Balogh, Csaba"]
[Result "1/2-1/2"]
[WhiteTitle "GM"]
[BlackTitle "GM"]
[WhiteElo "2601"]
[BlackElo "2648"]
[WhiteFideId "1020854"]
[BlackFideId "718939"]
[EventDate "2013.12.26"]

1. e4 e5 2. Nf3 Nc6 3. Bb5 Nf6 4. d3 Bc5 5. c3 O-O 6. O-O Re8 7. Nbd2 a6 8. Bxc6
dxc6 9. Qc2 Nd7 10. Nc4 Bd6 11. Bg5 f6 12. Be3 Nf8 13. d4 exd4 14. Nxd4 Qe7 15.
Nf5 Qxe4 16. Qxe4 Rxe4 17. Nfxd6 cxd6 18. Nxd6 Re7 19. Rfe1 Bg4 20. f3 Be6 21.
b3 b5 22. Bc5 Rd7 23. Nxb5 axb5 24. Bxf8 Kf7 25. Bc5 Rd3 26. Rec1 Rd2 27. a4
bxa4 28. Rxa4 Rxa4 29. bxa4 Ra2 30. Rb1 1/2-1/2

[Event "37th Zurich Christmas 2013"]
[Site "Zurich SUI"]
[Date "2013.12.28"]
[Round "4.5"]
[White "Mareco, Sandro"]
[Black "Alekseev, Evgeny"]
[Result "1/2-1/2"]
[WhiteTitle "GM"]
[BlackTitle "GM"]
[WhiteElo "2581"]
[BlackElo "2698"]
[WhiteFideId "112275"]
[BlackFideId "4138147"]
[EventDate "2013.12.26"]

1. Nf3 c5 2. c4 Nc6 3. d4 cxd4 4. Nxd4 Qb6 5. Nb3 e6 6. Nc3 Nf6 7. e4 Bb4 8. Bd3
Ne5 9. O-O Qd6 10. Bf4 Bxc3 11. bxc3 Qxd3 12. Bxe5 Qxd1 13. Raxd1 Nxe4 14. Rfe1
f6 15. Rxe4 fxe5 16. Rxe5 b6 17. Nd4 Ba6 18. Nf5 g6 19. Nd6+ Ke7 20. Rd4 1/2-1/2

[Event "37th Zurich Christmas 2013"]
[Site "Zurich SUI"]
[Date "2013.12.28"]
[Round "4.9"]
[White "Fier, Alexandr"]
[Black "Nuri, Kambez"]
[Result "1-0"]
[WhiteTitle "GM"]
[BlackTitle "FM"]
[WhiteElo "2572"]
[BlackElo "2308"]
[WhiteFideId "2107139"]
[BlackFideId "1311433"]
[EventDate "2013.12.26"]

1. e4 c5 2. Nf3 d6 3. d4 cxd4 4. Nxd4 Nf6 5. Nc3 Nc6 6. Bg5 e6 7. Qd2 a6 8.
O-O-O Bd7 9. f4 b5 10. Bxf6 gxf6 11. Kb1 Qb6 12. Nce2 O-O-O 13. h4 h5 14. Rh3
Kb7 15. Qe1 e5 16. Nxc6 Qxc6 17. Ra3 f5 18. fxe5 dxe5 19. Rc3 Qe6 20. exf5 Qxf5
21. g4 Qe6 22. Bg2+ Kb8 23. Qg1 Rh6 24. g5 Rg6 25. Rc7 Kxc7 26. Qa7+ Kc8 1-0

[Event "37th Zurich Christmas 2013"]
[Site "Zurich SUI"]
[Date "2013.12.28"]
[Round "4.12"]
[White "Knoedler, Dieter"]
[Black "Sethuraman, S.P."]
[Result "0-1"]
[WhiteTitle "FM"]
[BlackTitle "GM"]
[WhiteElo "2319"]
[BlackElo "2553"]
[WhiteFideId "4606531"]
[BlackFideId "5021596"]
[EventDate "2013.12.26"]

1. c4 b6 2. Nc3 Bb7 3. e4 c5 4. g3 g6 5. Bg2 Bg7 6. Nge2 Nc6 7. O-O d6 8. d3 Nf6
9. h3 O-O 10. Be3 a6 11. Qd2 Re8 12. f4 e6 13. Rad1 d5 14. Bf2 d4 15. Nb1 b5 16.
Qc1 Nd7 17. Nd2 f5 18. a3 Rc8 19. b3 Qb6 20. g4 Rf8 21. Bh4 Na5 22. Ng3 Rce8 23.
Rde1 fxg4 24. hxg4 h6 25. g5 Qc7 26. b4 Rxf4 27. Rxf4 Qxf4 28. Nf3 Qxc1 29. Rxc1
cxb4 30. axb4 Nc6 31. cxb5 axb5 32. Ne2 h5 33. Bh3 Nde5 34. Nxe5 Nxe5 35. Rc7
Nf3+ 36. Kh1 Bxe4 37. dxe4 d3 38. Nc3 Nxh4 39. Nd1 Nf3 40. Bf1 Rd8 41. Rc5 Rd4
42. Nf2 d2 43. Be2 Ne5 44. Rxb5 Ng4 45. Rb8+ Kh7 46. Bxg4 hxg4 0-1

[Event "37th Zurich Christmas 2013"]
[Site "Zurich SUI"]
[Date "2013.12.28"]
[Round "4.14"]
[White "Sebenik, Matej"]
[Black "Livner, Anders"]
[Result "1-0"]
[WhiteTitle "GM"]
[BlackTitle "FM"]
[WhiteElo "2496"]
[BlackElo "2334"]
[WhiteFideId "14602296"]
[BlackFideId "1704150"]
[EventDate "2013.12.26"]

1. d4 d5 2. c4 dxc4 3. e3 e5 4. Bxc4 exd4 5. exd4 Bd6 6. Nf3 Nf6 7. Qe2+ Qe7 8.
Qxe7+ Bxe7 9. O-O O-O 10. Re1 Bd6 11. Bg5 Nbd7 12. Nc3 c6 13. Bb3 h6 14. Bh4 g5
15. Bg3 Bxg3 16. hxg3 Re8 17. Ne5 Nxe5 18. dxe5 Nd7 19. Ne4 Rxe5 20. f4 gxf4 21.
gxf4 Re7 22. Rad1 Kg7 23. Nd6 Kf8 24. Rxe7 Kxe7 25. Nf5+ Kf6 26. Nxh6 Nc5 27.
Bxf7 Be6 28. Bxe6 Kxe6 29. g4 Rf8 30. Re1+ Kd5 31. Re5+ Kc4 32. b3+ Kb5 33. f5
Kb6 34. g5 1-0

[Event "37th Zurich Christmas 2013"]
[Site "Zurich SUI"]
[Date "2013.12.28"]
[Round "4.17"]
[White "Lekic, Dusan"]
[Black "Miletic, Dean"]
[Result "1-0"]
[WhiteTitle "IM"]
[WhiteElo "2417"]
[BlackElo "2280"]
[WhiteFideId "905330"]
[BlackFideId "14604493"]
[EventDate "2013.12.26"]

1. c4 Nf6 2. g3 g6 3. Bg2 Bg7 4. Nc3 e5 5. d3 d6 6. e4 Nc6 7. Nge2 O-O 8. Nd5
Nd4 9. Nxf6+ Bxf6 10. Nxd4 exd4 11. O-O Bg7 12. Bd2 c6 13. b4 Be6 14. a4 Qd7 15.
a5 a6 16. Qa4 f5 17. exf5 Bxf5 18. Qb3 Bh3 19. f4 Bxg2 20. Kxg2 Rae8 21. Rae1
Qg4 22. Qd1 Qxd1 23. Rxd1 g5 24. Kf3 h5 25. h3 gxf4 26. gxf4 Bf6 27. Rde1 Kf7
28. Rxe8 Rxe8 29. Rb1 Rg8 30. Be1 Ke6 31. Bf2 Rc8 32. Rb3 d5 33. cxd5+ cxd5 34.
b5 Rc3 35. bxa6 bxa6 36. Rb6+ Ke7 37. Rxf6 1-0

[Event "37th Zurich Christmas 2013"]
[Site "Zurich SUI"]
[Date "2013.12.28"]
[Round "4.18"]
[White "Huss, Andreas"]
[Black "Modler, Andreas"]
[Result "1-0"]
[WhiteTitle "IM"]
[WhiteElo "2367"]
[BlackElo "2276"]
[WhiteFideId "1300180"]
[BlackFideId "24645877"]
[EventDate "2013.12.26"]

1. d4 d5 2. c4 dxc4 3. Nf3 Nf6 4. e3 Bg4 5. Bxc4 e6 6. Nc3 Nbd7 7. h3 Bh5 8. O-O
Bb4 9. Bd2 O-O 10. a3 Bxc3 11. Bxc3 Ne4 12. Rc1 Nxc3 13. Rxc3 c5 14. Be2 Rc8 15.
dxc5 Nxc5 16. Qxd8 Rfxd8 17. Rfc1 1-0

[Event "37th Zurich Christmas 2013"]
[Site "Zurich SUI"]
[Date "2013.12.29"]
[Round "5.5"]
[White "Grachev, Boris"]
[Black "Fier, Alexandr"]
[Result "1-0"]
[WhiteTitle "GM"]
[BlackTitle "GM"]
[WhiteElo "2669"]
[BlackElo "2572"]
[WhiteFideId "4129199"]
[BlackFideId "2107139"]
[EventDate "2013.12.26"]

1. d4 Nf6 2. c4 g6 3. Nf3 Bg7 4. g3 O-O 5. Bg2 d6 6. Nc3 Nbd7 7. O-O e5 8. e4 c6
9. h3 Qb6 10. Re1 exd4 11. Nxd4 Re8 12. Re2 Qb4 13. Rc2 Nc5 14. Bd2 Qb6 15. Be3
Qc7 16. f3 a5 17. b3 h5 18. Bf2 Bd7 19. Qf1 Re7 20. Rd1 Rae8 21. Nde2 Bc8 22.
Rcd2 Rd7 23. Be3 b6 24. Bf4 Bf8 25. Qf2 Ne6 26. Be3 Nc5 27. Bf4 Ne6 28. Be3 Nc5
29. g4 hxg4 30. hxg4 Rdd8 31. Bg5 Be7 32. Bf4 Nfd7 33. Bxd6 Bxd6 34. Rxd6 Ne5
35. Rxd8 Rxd8 36. Rxd8+ Qxd8 37. Qd4 Qxd4+ 38. Nxd4 g5 39. Kf2 Kf8 40. Ke3 Ke7
41. Bf1 Kd6 42. Be2 f6 43. a3 Be6 44. Nb1 Ncd7 45. Nd2 c5 46. Nb5+ Kc6 47. Nc3
Kd6 48. Nb5+ Ke7 49. Nc3 Kd6 50. Bd1 Ng6 51. Nf1 Nf4 52. Kd2 Ng2 53. Ng3 Ke5 54.
Be2 Nh4 55. Ke3 Ng2+ 56. Kd2 Nh4 57. Ke3 Ng2+ 58. Kf2 Nf4 59. Bf1 Nb8 60. Ke3
Nc6 61. Be2 Nb8 62. Na4 Nd7 63. Bf1 Kd6 64. Nh5 Ng6 65. Be2 Nge5 66. Nc3 Ng6 67.
Nd5 Ke5 68. Bf1 Bf7 69. Bd3 Be6 70. Be2 Bf7 71. Bf1 Be6 72. Ng3 Nf4 73. Nh1 Ng6
74. Nf2 Kd6 75. Nd1 Bxd5 76. exd5 Ke5 77. Nb2 Nf4 78. Bd3 Kd6 79. Bf1 Ne5 80.
Na4 Kc7 81. Ke4 Kb7 82. Kf5 Nxf3 83. Kxf6 Kc7 84. Nc3 Kd7 85. Ne4 Nh2 86. Kxg5
Nxd5 87. cxd5 Nxf1 88. Kf4 a4 89. bxa4 c4 90. g5 1-0

[Event "37th Zurich Christmas 2013"]
[Site "Zurich SUI"]
[Date "2013.12.29"]
[Round "5.8"]
[White "Lekic, Dusan"]
[Black "Mareco, Sandro"]
[Result "1-0"]
[WhiteTitle "IM"]
[BlackTitle "GM"]
[WhiteElo "2417"]
[BlackElo "2581"]
[WhiteFideId "905330"]
[BlackFideId "112275"]
[EventDate "2013.12.26"]

1. d4 Nf6 2. c4 e6 3. Nf3 b6 4. g3 Ba6 5. Qc2 Bb7 6. Bg2 c5 7. d5 exd5 8. cxd5
Nxd5 9. O-O Be7 10. Rd1 Nc6 11. Qa4 Nf6 12. Nh4 O-O 13. Nf5 d5 14. Nc3 Nd4 15.
Nxd4 cxd4 16. Rxd4 Bc5 17. Rd3 Qe8 18. Be3 Qxa4 19. Nxa4 Bxe3 20. Rxe3 Bc6 21.
Ra3 Rfc8 22. Bh3 Re8 23. e3 d4 24. exd4 Rad8 25. Rc1 Ba8 26. Re3 b5 27. Nc3 a6
28. Ne2 Be4 29. Bg2 h5 30. Bxe4 Nxe4 31. Rc6 a5 32. Nc3 Rxd4 33. f3 Nf6 34.
Rxe8+ Nxe8 35. Rc8 Kf8 36. Nxb5 Rd1+ 37. Kf2 Ke7 38. Rc2 Nf6 39. Nc3 Rh1 40. Kg2
Ra1 41. h4 g6 42. Kf2 Ke6 43. Re2+ Kd6 44. Re1 Rxe1 45. Kxe1 Ke5 46. Kd2 Kd4 47.
b3 Nd7 48. a3 Ne5 49. Ne2+ Kd5 50. Ke3 Nd7 51. Nc3+ Ke5 52. b4 axb4 53. axb4 f6
54. f4+ Kf5 55. Nd5 g5 56. b5 gxf4+ 57. gxf4 Ke6 58. Nc3 f5 59. Kd4 Kd6 60. Nd5
Nf8 61. b6 Ne6+ 62. Ke3 Kc6 63. Ne7+ Kxb6 64. Nxf5 Nf8 65. Kf3 Kc5 66. Ng7 Ng6
67. Kg3 Kd5 68. f5 Ne5 69. Kf4 Nf7 70. f6 Nd6 71. Kg5 Ke4 72. Kxh5 Nf7 73. Kg6
Ne5+ 74. Kh7 Kf4 75. Kg8 Kg4 76. h5 Nd7 77. f7 Nf6+ 78. Kf8 Kg5 79. Ke7 Nh7 80.
f8=Q Nxf8 81. Kxf8 Kh6 82. Kg8 1-0

[Event "37th Zurich Christmas 2013"]
[Site "Zurich SUI"]
[Date "2013.12.29"]
[Round "5.10"]
[White "Sethuraman, S.P."]
[Black "Huss, Andreas"]
[Result "1-0"]
[WhiteTitle "GM"]
[BlackTitle "IM"]
[WhiteElo "2553"]
[BlackElo "2367"]
[WhiteFideId "5021596"]
[BlackFideId "1300180"]
[EventDate "2013.12.26"]

1. d4 e6 2. c4 Nf6 3. Nf3 b6 4. Nc3 Bb4 5. Bg5 h6 6. Bh4 Bb7 7. Nd2 c5 8. d5
Bxc3 9. bxc3 exd5 10. cxd5 Bxd5 11. e4 Be6 12. e5 g5 13. Bg3 Nd5 14. Ne4 Nc6 15.
h4 f5 16. exf6 Nxf6 17. Nd6+ Ke7 18. Qd2 Qg8 19. O-O-O Nh5 20. Bb5 Nxg3 21. fxg3
Rf8 22. Rhe1 Qg6 23. Nc4 Kf7 24. Bxc6 Bxc4 25. Re7+ Kg8 26. Bd5+ Bxd5 27. Qxd5+
Rf7 28. Rf1 1-0

[Event "37th Zurich Christmas 2013"]
[Site "Zurich SUI"]
[Date "2013.12.29"]
[Round "5.13"]
[White "Sengupta, Deep"]
[Black "Hugentobler, Patrick"]
[Result "1-0"]
[WhiteTitle "GM"]
[BlackTitle "FM"]
[WhiteElo "2570"]
[BlackElo "2201"]
[WhiteFideId "5008352"]
[BlackFideId "1301497"]
[EventDate "2013.12.26"]

1. f4 d5 2. Nf3 g6 3. g3 Bg7 4. Bg2 Nf6 5. O-O O-O 6. d3 c6 7. c3 Qb6+ 8. Kh1
Ng4 9. Qe1 Ne3 10. Bxe3 Qxe3 11. Nbd2 Bg4 12. d4 Bxf3 13. Rxf3 Qe6 14. e4 Qd7
15. f5 Na6 16. g4 f6 17. Rh3 g5 18. Re3 Rae8 19. exd5 cxd5 20. Qe2 Nc7 21. Re1
Kf7 22. c4 1-0

[Event "37th Zurich Christmas 2013"]
[Site "Zurich SUI"]
[Date "2013.12.29"]
[Round "5.14"]
[White "Bogner, Sebastian"]
[Black "Hauge, Lars Oskar"]
[Result "1-0"]
[WhiteTitle "GM"]
[BlackTitle "FM"]
[WhiteElo "2558"]
[BlackElo "2321"]
[WhiteFideId "4692055"]
[BlackFideId "1509276"]
[EventDate "2013.12.26"]

1. Nf3 Nf6 2. c4 c5 3. Nc3 Nc6 4. e3 e6 5. d4 d5 6. cxd5 exd5 7. Bb5 cxd4 8.
Qxd4 Bd6 9. O-O O-O 10. Qh4 Ne7 11. Bd3 Bf5 12. Rd1 Bxd3 13. Rxd3 Qb6 14. Qa4
Rac8 15. b3 Rfe8 16. Bb2 Bb8 17. Rad1 Qe6 18. Qb5 b6 19. Ba3 Ne4 20. Bxe7 Nxc3
21. Rxc3 Qxe7 22. Rxc8 Rxc8 23. Qxd5 h6 24. g3 Qf6 25. Kg2 g6 26. Qd7 Rf8 27. h4
h5 28. Rd5 Qb2 29. Qe7 Kg7 30. Ng5 Qf6 31. Qxf6+ Kxf6 32. Rd7 1-0

[Event "37th Zurich Christmas 2013"]
[Site "Zurich SUI"]
[Date "2013.12.29"]
[Round "5.17"]
[White "Gallagher, Joseph G."]
[Black "Moroni, Luca Jr"]
[Result "1-0"]
[WhiteTitle "GM"]
[WhiteElo "2495"]
[BlackElo "2229"]
[WhiteFideId "1303422"]
[BlackFideId "865834"]
[EventDate "2013.12.26"]

1. e4 e6 2. d4 d5 3. Nd2 c5 4. exd5 Qxd5 5. Ngf3 cxd4 6. Bc4 Qd7 7. O-O Nc6 8.
Nb3 Nf6 9. Nbxd4 Nxd4 10. Nxd4 a6 11. a4 Bc5 12. Nb3 Bd6 13. Qd4 Qc7 14. h3 Bd7
15. Qh4 Bc6 16. Bd2 Ne4 17. Be3 h5 18. Bd3 Be7 19. Qf4 Bd6 20. Qh4 Be7 21. Qf4
e5 22. Qh2 h4 23. a5 Bd6 24. Rad1 O-O 25. Rfe1 f5 26. Kh1 Qe7 27. Qg1 Rad8 28.
Qf1 Qf6 29. Bb6 Rc8 30. Qe2 Qg6 31. Rg1 Ng5 32. f3 e4 33. Bc4+ Kh8 34. Bd5 exf3
35. gxf3 Bg3 36. Bxc6 Qxc6 37. Nd4 Qd5 38. c4 Qxc4 39. Qe7 Nxh3 40. Ne6 Rg8 41.
Rd4 Nf2+ 42. Kg2 Rce8 43. Qxe8 Rxe8 44. Rxc4 Rxe6 45. Bxf2 Re2 46. Rf1 f4 47.
Kg1 g5 48. Bxg3 fxg3 49. Rg4 1-0

[Event "37th Zurich Christmas 2013"]
[Site "Zurich SUI"]
[Date "2013.12.29"]
[Round "6.7"]
[White "Fier, Alexandr"]
[Black "Lekic, Dusan"]
[Result "1-0"]
[WhiteTitle "GM"]
[BlackTitle "IM"]
[WhiteElo "2572"]
[BlackElo "2417"]
[WhiteFideId "2107139"]
[BlackFideId "905330"]
[EventDate "2013.12.26"]

1. e4 e5 2. Nf3 Nc6 3. d4 exd4 4. Nxd4 Nf6 5. Nxc6 bxc6 6. e5 Qe7 7. Qe2 Nd5 8.
c4 Nb6 9. Nc3 Qe6 10. Qe4 Rb8 11. Bd3 Bb4 12. Bd2 Bxc3 13. Bxc3 Na4 14. O-O Ba6
15. Qe3 c5 16. Ba5 Nxb2 17. Bxc7 Rc8 18. Bd6 Bxc4 19. Qg5 f6 20. Qxg7 Rg8 21.
Bxc4 Nxc4 22. Qxh7 fxe5 23. Rad1 Qg6 24. Qe7# 1-0

[Event "37th Zurich Christmas 2013"]
[Site "Zurich SUI"]
[Date "2013.12.29"]
[Round "6.9"]
[White "Arapovic, Vitomir"]
[Black "Sengupta, Deep"]
[Result "0-1"]
[WhiteTitle "IM"]
[BlackTitle "GM"]
[WhiteElo "2358"]
[BlackElo "2570"]
[WhiteFideId "14401614"]
[BlackFideId "5008352"]
[EventDate "2013.12.26"]

1. e4 e6 2. d4 d5 3. Nc3 Nf6 4. Bg5 Bb4 5. exd5 Qxd5 6. Bxf6 Bxc3+ 7. bxc3 gxf6
8. Nf3 Rg8 9. g3 b6 10. Bg2 Ba6 11. Nh4 Qa5 12. Qd2 c6 13. f4 Kd7 14. Be4 Rd8
15. Nf3 Kc7 16. Kf2 Nd7 17. Rhd1 Nc5 18. Bd3 Na4 19. Kg2 Bxd3 20. Qxd3 Nb2 21.
Qxh7 Nxd1 22. Rxd1 Rd7 23. Qd3 Qxa2 24. h4 a5 25. c4 a4 26. Qc3 a3 27. Ra1 Qb2
28. Qxb2 axb2 29. Rb1 Ra2 30. g4 c5 31. c3 cxd4 32. cxd4 b5 33. c5 e5 34. fxe5
fxe5 0-1

[Event "37th Zurich Christmas 2013"]
[Site "Zurich SUI"]
[Date "2013.12.29"]
[Round "6.15"]
[White "Mareco, Sandro"]
[Black "Gohil, Harry"]
[Result "1-0"]
[WhiteTitle "GM"]
[BlackTitle "FM"]
[WhiteElo "2581"]
[BlackElo "2306"]
[WhiteFideId "112275"]
[BlackFideId "4613740"]
[EventDate "2013.12.26"]

1. d4 Nf6 2. c4 g6 3. Nc3 Bg7 4. e4 d6 5. Nf3 O-O 6. Be2 Nbd7 7. O-O e5 8. Be3
Ng4 9. Bg5 f6 10. Bd2 c6 11. d5 Qe7 12. b4 f5 13. Ng5 Ndf6 14. Qb3 Nxe4 15.
Ncxe4 fxe4 16. c5 Kh8 17. Nxe4 cxd5 18. cxd6 Qf7 19. Ng5 Qg8 20. Rac1 Nf6 21. b5
h6 22. Nf3 Ne4 23. Bb4 Rd8 24. Rfd1 Be6 25. Qe3 Bf5 26. Rxd5 Qxd5 27. Bc4 Rxd6
28. Bxd5 Rxd5 29. g4 Rxb5 30. Be1 Bxg4 31. Qxe4 Bf5 32. Qa4 Rd5 33. Qb3 Rad8 34.
Rc7 e4 35. Bc3 R5d7 36. Rxd7 Rxd7 37. Bxg7+ Kxg7 38. Nd4 Kf6 39. Qc3 Kg5 40.
Qg3+ Kf6 41. Qe3 h5 42. Nxf5 Rd1+ 43. Kg2 Kxf5 44. f3 Rd7 45. fxe4+ Kf6 46. Qf4+
Kg7 47. e5 Rf7 48. Qd4 Re7 49. e6+ 1-0

[Event "37th Zurich Christmas 2013"]
[Site "Zurich SUI"]
[Date "2013.12.30"]
[Round "7.6"]
[White "Georgiev, Kiril"]
[Black "Gloor, Roger"]
[Result "1-0"]
[WhiteTitle "GM"]
[BlackTitle "FM"]
[WhiteElo "2648"]
[BlackElo "2335"]
[WhiteFideId "2900017"]
[BlackFideId "1316958"]
[EventDate "2013.12.26"]

1. Nf3 Nf6 2. c4 e6 3. g3 a6 4. Bg2 b5 5. b3 c5 6. O-O Bb7 7. e3 Be7 8. Nc3 Qb6
9. d4 O-O 10. Qe2 Ne4 11. Bb2 d6 12. dxc5 Qxc5 13. Rac1 b4 14. Na4 Qc7 15. Rfd1
Nd7 16. Qe1 Rab8 17. a3 bxa3 18. Bxa3 Ndc5 19. Nxc5 dxc5 20. Bb2 Bf6 21. Bxf6
Nxf6 22. Qc3 Be4 23. Nd2 Bxg2 24. Kxg2 Rfd8 25. Kg1 Qc6 26. Qc2 h6 27. Nf1 Qf3
28. Rxd8+ Rxd8 29. Nd2 Qh5 30. Kg2 Ng4 31. Nf3 Ne5 32. Ne1 Nc6 33. Qe4 Nb4 34.
Nf3 Qf5 35. Qxf5 exf5 36. Kf1 Rd3 37. Rb1 Rc3 38. Ne1 Nd3 39. Nxd3 Rxd3 40. Ke2
Rd6 41. Ra1 Kf8 42. Ra5 Rc6 43. Kd3 Ke7 44. Kc3 Kd6 45. Ra1 Rb6 46. Rd1+ Kc6 47.
Rd8 g6 48. Ra8 Kb7 49. Rf8 Rf6 50. h4 h5 51. Kc2 Kb6 52. Kb2 Kc6 53. Ka3 Kd6 54.
Ra8 Kc7 55. Ra7+ Kb6 56. Re7 Kc6 57. Ka4 Kd6 58. Re8 Kd7 59. Rf8 Ke7 60. Rc8 Rd6
61. Rxc5 Rd2 62. f4 Rg2 63. Rd5 Rxg3 64. Rd3 g5 65. hxg5 h4 66. c5 h3 67. c6 Rg1
68. Rd7+ Ke6 69. Rd2 Rc1 70. Rh2 Rxc6 71. Rxh3 Rc3 72. Kb4 Rc8 73. Rh6+ Kd5 74.
Rf6 Ke4 75. Rxf7 Rb8+ 76. Ka3 Rb6 77. Rf6 Rb5 78. Re6+ Kd3 79. Re5 1-0

[Event "37th Zurich Christmas 2013"]
[Site "Zurich SUI"]
[Date "2013.12.30"]
[Round "7.7"]
[White "Bogner, Sebastian"]
[Black "Bauer, Christian"]
[Result "1-0"]
[WhiteTitle "GM"]
[BlackTitle "GM"]
[WhiteElo "2558"]
[BlackElo "2630"]
[WhiteFideId "4692055"]
[BlackFideId "603767"]
[EventDate "2013.12.26"]

1. d4 e6 2. c4 f5 3. Nc3 Nf6 4. g3 Bb4 5. Bg2 O-O 6. Nf3 Ne4 7. Bd2 Bxc3 8. Bxc3
Nxc3 9. bxc3 Nc6 10. c5 b6 11. O-O Ba6 12. Ne5 Nxe5 13. Bxa8 Qxa8 14. dxe5 Qc6
15. cxb6 axb6 16. Qd2 Ra8 17. a4 Bb7 18. f3 Qc5+ 19. Qd4 Ra5 20. Qxc5 Rxc5 21.
f4 Kf7 22. Kf2 Bc6 23. Rfc1 g5 24. c4 g4 25. Ke3 Ke7 26. Kd4 Ra5 27. c5 Kd8 28.
cxb6 cxb6 29. Kc3 Kc7 30. Kb4 Kb7 31. Ra3 Kc7 32. Rca1 Kb7 33. Kc3 Kc7 34. Kd4
Kb7 35. Rb1 Kc7 36. Raa1 Rd5+ 37. Kc3 Ra5 38. Kb4 Kb7 39. Ra3 Kc7 40. Rd1 Kb7
41. Rd4 Kc7 42. Kb3 Kb7 43. Rb4 Kc7 44. Kb2 Ra6 45. Rab3 h5 46. Rc3 Kb7 47. Kb3
Bd5+ 48. Ka3 Bc6 49. Rcb3 Bd5 50. Rd3 Bc6 51. Kb3 Ra5 52. Rd2 Kc7 53. Rc2 Kb7
54. Rb2 Ra6 55. Kc3 Kc7 56. Kd4 Bd5 57. Rc2+ Bc6 58. e4 fxe4 59. Ke3 Kb7 60.
Rcb2 Kc7 61. f5 exf5 62. Kf4 Ra5 63. Rxb6 Rxa4 64. Kxf5 Ra8 65. R6b3 Rf8+ 66.
Kg5 Rf1 67. Kxh5 Bd5 68. Rc3+ Kd8 69. Kxg4 Ke7 70. Rb6 Be6+ 71. Kh4 Rf5 72. Rb5
Kf7 73. g4 Rf4 74. h3 Kg6 75. Re3 1-0

[Event "37th Zurich Christmas 2013"]
[Site "Zurich SUI"]
[Date "2013.12.30"]
[Round "7.10"]
[White "Huss, Andreas"]
[Black "Mareco, Sandro"]
[Result "1-0"]
[WhiteTitle "IM"]
[BlackTitle "GM"]
[WhiteElo "2367"]
[BlackElo "2581"]
[WhiteFideId "1300180"]
[BlackFideId "112275"]
[EventDate "2013.12.26"]

1. d4 Nf6 2. c4 e6 3. Nf3 b6 4. Nc3 Bb7 5. a3 d5 6. Bg5 Nbd7 7. cxd5 exd5 8. e3
Be7 9. Qb3 O-O 10. Be2 a6 11. O-O Bd6 12. Rfd1 Re8 13. Rac1 Qb8 14. a4 c5 15.
Bxf6 c4 16. Qc2 Nxf6 17. b3 Qc7 18. h3 Bc6 19. bxc4 dxc4 20. d5 Bd7 21. Rb1 Rab8
22. Nd4 Qc5 23. Bf3 b5 24. axb5 axb5 25. Nc6 g6 26. Nxb8 Rxb8 27. Rdc1 Bc7 28.
Ne4 Nxe4 29. Bxe4 Re8 30. h4 Qe7 31. Bf3 Qxh4 32. g3 Qf6 33. Bg2 h5 34. Qd2 Bd6
35. Qb2 Qxb2 36. Rxb2 Ba3 37. Rbb1 Bxc1 38. Rxc1 Rc8 39. Bf1 c3 40. Bd3 b4 41.
Bc2 Ra8 42. Kf1 Ra2 43. e4 Rb2 44. Bd3 Rd2 45. Be2 Ba4 46. Ke1 Rd4 47. Bf3 c2 1-0